[Event "44th Chess Olympiad Women 2022"]
[Site "Chennai"]
[Date "2022.08.06"]
[Round "8.3"]
[White "Pratyusha, Bodda"]
[Black "Malicka, Maria"]
[Result "0-1"]
[WhiteElo "2310"]
[BlackElo "2393"]
[Annotator "TA"]
[PlyCount "94"]
[EventDate "2022.07.29"]
[EventType "team-tourn"]
[EventCountry "IND"]
[SourceTitle "playchess.com"]
[Source "ChessBase"]
[SourceQuality "1"]
[WhiteTeam "India"]
[BlackTeam "Poland"]
[WhiteTeamCountry "IND"]
[BlackTeamCountry "POL"]

1. d4 Nf6 2. c4 g6 3. Nc3 d5 4. cxd5 Nxd5 5. e4 Nxc3 6. bxc3 Bg7 7. Nf3 c5 8. Be3 Qa5 9. Qd2 Nc6 10. Rb1 a6 11. Rc1 cxd4 12. cxd4 Qxd2+ 13. Kxd2 e6 14. Bc4 O-O 15. Rhd1 Bd7 16. Ke1 Na5 17. Bd3 Rac8 18. Rxc8 Rxc8 19. Rc1 Rxc1+ 20. Bxc1 Nc6 21. Be3 b5 22. h4 f5 23. e5 Nb4 24. Bb1 Bf8 25. Kd1 Bc6 26. Bc1 Bd5 27. a3 Nc6 28. Bb2 Be7 29. Ke2 Na5 30. Bd3 h6 31. g3 Nc4 32. Bxc4 Bxc4+ 33. Ke3 Kf7 34. Ne1 Ke8 35. Nc2 Kd7 36. Kd2 Kc6 37. Bc3 Bd8 38. Bb4 Kd5 39. Bc5 Ke4 40. Ne3 Ba5+ 41. Kc2 Be1 42. Nd1 Kf3 43. Bb6 Bd5 44. Ne3 Be4+ 45. Kd1 Bxf2 46. Nf1 Bd5 47. Bc5 Kg2 0-1

[Event "44th Chess Olympiad Women 2022"]
[Site "Chennai"]
[Date "2022.08.06"]
[Round "8.4"]
[White "Bulmaga, Irina"]
[Black "Mammadzada, Gunay"]
[Result "1-0"]
[WhiteElo "2394"]
[BlackElo "2455"]
[Annotator "TA"]
[PlyCount "97"]
[EventDate "2022.07.29"]
[EventType "team-tourn"]
[EventCountry "IND"]
[SourceTitle "playchess.com"]
[Source "ChessBase"]
[SourceQuality "1"]
[WhiteTeam "Romania"]
[BlackTeam "Azerbaijan"]
[WhiteTeamCountry "ROU"]
[BlackTeamCountry "AZE"]

1. e4 c5 2. Nf3 d6 3. d4 cxd4 4. Nxd4 Nf6 5. Nc3 a6 6. Bg5 e6 7. f4 Nbd7 8. Qe2 Qc7 9. O-O-O b5 10. a3 Be7 11. g4 Rb8 12. Bg2 h6 13. Bxf6 Bxf6 14. h4 b4 15. axb4 Rxb4 16. e5 dxe5 17. Nc6 Rxf4 18. Ne4 O-O 19. g5 Bb7 20. Rxd7 Qxd7 21. Nc5 Qc7 22. Nxb7 Qxb7 23. gxf6 Rxf6 24. Nxe5 Qa7 25. Be4 Rf2 26. Qd3 Rc8 27. Nc6 Qc7 28. Qe3 Rf6 29. Ne5 Rb8 30. Rg1 g6 31. Bd3 Qb7 32. Qd4 Qb4 33. Nc4 e5 34. Qxe5 Re6 35. Qg3 Rbe8 36. c3 Qc5 37. Kc2 Qd5 38. Qf4 Rd8 39. Rd1 Qh5 40. Rd2 Re1 41. Nd6 Rf8 42. Ne4 Qa5 43. Nf6+ Kg7 44. Ng4 Qb6 45. Qxh6+ Kg8 46. Rf2 Re6 47. Bc4 Rb8 48. b3 Qa5 49. Kb2 1-0

[Event "44th Chess Olympiad Women 2022"]
[Site "Chennai"]
[Date "2022.08.06"]
[Round "8.4"]
[White "Fataliyeva, Ulviyya"]
[Black "Lehaci, Miruna-Daria"]
[Result "0-1"]
[WhiteElo "2372"]
[BlackElo "2193"]
[Annotator "TA"]
[PlyCount "124"]
[EventDate "2022.07.29"]
[EventType "team-tourn"]
[EventCountry "IND"]
[SourceTitle "playchess.com"]
[Source "ChessBase"]
[SourceQuality "1"]
[WhiteTeam "Azerbaijan"]
[BlackTeam "Romania"]
[WhiteTeamCountry "AZE"]
[BlackTeamCountry "ROU"]

1. Nf3 d5 2. d4 e6 3. c4 a6 4. cxd5 exd5 5. Nc3 c6 6. Qb3 Nf6 7. Bg5 Be7 8. e3 h6 9. Bh4 Nbd7 10. Bd3 O-O 11. O-O Re8 12. Rfc1 Ne4 13. Bxe7 Qxe7 14. Bxe4 dxe4 15. Nd2 Nf6 16. Qa3 Qd8 17. Nc4 Bg4 18. Qb4 Re7 19. a4 a5 20. Qc5 Re6 21. Ne5 Bh5 22. Ra3 b6 23. Qc4 Ng4 24. Nxe4 Nxe5 25. dxe5 Rxe5 26. Qxc6 Rd5 27. Raa1 Bg4 28. Nc3 Rd2 29. Qe4 Bh5 30. Qe5 Bg4 31. h3 Be6 32. Rd1 Bb3 33. Rxd2 Qxd2 34. Ne4 Qc2 35. Nd6 f6 36. Qd4 Qc7 37. Nb5 Qc6 38. e4 Re8 39. Re1 Kh8 40. Re3 Bg8 41. f3 Qc1+ 42. Kf2 Rc8 43. Na3 Rc6 44. Re1 Qf4 45. Qe3 Qd6 46. Re2 Qb4 47. Nb5 Qxa4 48. Nd4 Rc7 49. e5 fxe5 50. Qxe5 Rc5 51. Qf4 Rd5 52. Re4 Qd7 53. Qe3 b5 54. Ne2 b4 55. Re7 Qd6 56. Re8 a4 57. Rc8 Re5 58. Qc1 Qb6+ 59. Kf1 Qa6 60. Rc2 b3 61. Rd2 Rxe2 62. Rxe2 Bc4 0-1

[Event "44th Chess Olympiad Women 2022"]
[Site "Chennai"]
[Date "2022.08.06"]
[Round "8.4"]
[White "Cosma, Elena-Luminita"]
[Black "Mammadova, Gulnar"]
[Result "0-1"]
[WhiteElo "2248"]
[BlackElo "2380"]
[Annotator "TA"]
[PlyCount "126"]
[EventDate "2022.07.29"]
[EventType "team-tourn"]
[EventCountry "IND"]
[SourceTitle "playchess.com"]
[Source "ChessBase"]
[SourceQuality "1"]
[WhiteTeam "Romania"]
[BlackTeam "Azerbaijan"]
[WhiteTeamCountry "ROU"]
[BlackTeamCountry "AZE"]

1. Nf3 d5 2. e3 Nf6 3. c4 e6 4. b3 c5 5. Bb2 Nc6 6. cxd5 exd5 7. Bb5 Bd6 8. O-O O-O 9. h3 Ne4 10. d3 Ng5 11. Nbd2 Bd7 12. Bxc6 Bxc6 13. Nxg5 Qxg5 14. d4 Qg6 15. dxc5 Bxc5 16. Bd4 Bd6 17. Qg4 Qxg4 18. hxg4 f6 19. Rfd1 Rfc8 20. f3 a5 21. Nb1 b5 22. Nc3 Kf7 23. Ne2 Bb7 24. Rac1 a4 25. Rxc8 Rxc8 26. bxa4 bxa4 27. Rb1 Bc6 28. Nc3 Rb8 29. Rxb8 Bxb8 30. Kf2 Bd6 31. Ke2 Ke6 32. g5 fxg5 33. Bxg7 h5 34. Bd4 h4 35. Kd2 Bb4 36. Ke2 Be8 37. Kf2 Bd6 38. Ke2 a3 39. Kd2 Bb4 40. Ke2 Bg6 41. Bg7 Bc5 42. Kd2 Bh5 43. Ne2 Kf7 44. Bd4 Bd6 45. Ng1 g4 46. fxg4 Bxg4 47. Nh3 Bf5 48. Kc3 Bb1 49. Kb3 Bd3 50. Ng5+ Ke8 51. Nf3 Bc4+ 52. Kc2 Be7 53. Bc3 Be2 54. Ne1 Bf1 55. Kb3 Bxg2 56. Nxg2 h3 57. Be5 hxg2 58. Bh2 Bc5 59. Bg1 Kd7 60. Kc3 Ke6 61. Kd3 Kf5 62. Bh2 Kg4 63. e4 Kh3 0-1

[Event "44th Chess Olympiad Women 2022"]
[Site "Chennai"]
[Date "2022.08.06"]
[Round "8.5"]
[White "Abdumalik, Zhansaya"]
[Black "Borosova, Zuzana"]
[Result "1-0"]
[WhiteElo "2495"]
[BlackElo "2277"]
[Annotator "TA"]
[PlyCount "63"]
[EventDate "2022.07.29"]
[EventType "team-tourn"]
[EventCountry "IND"]
[SourceTitle "playchess.com"]
[Source "ChessBase"]
[SourceQuality "1"]
[WhiteTeam "Kazakhstan"]
[BlackTeam "Slovakia"]
[WhiteTeamCountry "KAZ"]
[BlackTeamCountry "SVK"]

1. e4 e5 2. Nf3 Nc6 3. d4 exd4 4. Nxd4 Nf6 5. Nxc6 bxc6 6. e5 Qe7 7. Qe2 Nd5 8. c4 Nb6 9. Nc3 Ba6 10. b3 Qe6 11. Bb2 Bb4 12. O-O-O O-O-O 13. a3 Be7 14. h4 Rhe8 15. Rh3 f6 16. f4 fxe5 17. fxe5 g5 18. hxg5 Qg6 19. Qc2 Bxg5+ 20. Kb1 Qxc2+ 21. Kxc2 Rxe5 22. Rxh7 Rf8 23. a4 d5 24. a5 Nd7 25. Na4 Re7 26. Rh5 Rf2+ 27. Kb1 Be3 28. Rh8+ Kb7 29. g3 dxc4 30. bxc4 Ne5 31. Bh3 Nf7 32. Bc8+ 1-0

[Event "44th Chess Olympiad Women 2022"]
[Site "Chennai"]
[Date "2022.08.06"]
[Round "8.5"]
[White "Repkova, Eva"]
[Black "Assaubayeva, Bibisara"]
[Result "0-1"]
[WhiteElo "2303"]
[BlackElo "2436"]
[Annotator "TA"]
[PlyCount "60"]
[EventDate "2022.07.29"]
[EventType "team-tourn"]
[EventCountry "IND"]
[SourceTitle "playchess.com"]
[Source "ChessBase"]
[SourceQuality "1"]
[WhiteTeam "Slovakia"]
[BlackTeam "Kazakhstan"]
[WhiteTeamCountry "SVK"]
[BlackTeamCountry "KAZ"]

1. e4 c5 2. Nf3 d6 3. d4 cxd4 4. Nxd4 Nf6 5. Nc3 a6 6. Be2 e5 7. Nf3 h6 8. O-O Be6 9. Be3 Nbd7 10. a4 Rc8 11. Nd2 Be7 12. Re1 O-O 13. Nf1 Rxc3 14. bxc3 Nxe4 15. Bf3 d5 16. Bxe4 dxe4 17. Qh5 Kh7 18. a5 f5 19. Ra4 Qc7 20. Rb1 Qxc3 21. Qd1 Qc6 22. c3 Rf6 23. h4 f4 24. Bb6 Rg6 25. h5 Rg5 26. Nd2 Nf6 27. f3 Bh3 28. Kh2 Rxg2+ 29. Kxh3 Rg3+ 30. Kh2 Qe8 0-1

[Event "44th Chess Olympiad Women 2022"]
[Site "Chennai"]
[Date "2022.08.06"]
[Round "8.6"]
[White "Salimova, Nurgyul"]
[Black "Tsolakidou, Stavroula"]
[Result "1/2-1/2"]
[WhiteElo "2416"]
[BlackElo "2362"]
[Annotator "TA"]
[PlyCount "144"]
[EventDate "2022.07.29"]
[EventType "team-tourn"]
[EventCountry "IND"]
[SourceTitle "playchess.com"]
[Source "ChessBase"]
[SourceQuality "1"]
[WhiteTeam "Bulgaria"]
[BlackTeam "Greece"]
[WhiteTeamCountry "BUL"]
[BlackTeamCountry "GRE"]

1. d4 Nf6 2. c4 e6 3. Nf3 d5 4. g3 Bb4+ 5. Bd2 Be7 6. Bg2 O-O 7. O-O c6 8. Bf4 dxc4 9. Ne5 Nd5 10. Nxc4 Nxf4 11. gxf4 Nd7 12. Nc3 Nb6 13. Ne5 f6 14. Nf3 Bd7 15. e3 Nd5 16. Ne4 b6 17. Rc1 Rc8 18. Kh1 Kh8 19. Rg1 Be8 20. Bh3 Nc7 21. Ng3 g6 22. a3 Qd6 23. Qe2 Bf7 24. Bg2 Nd5 25. Rc2 Qd7 26. Ne4 Rc7 27. b4 Ra8 28. Qa6 Be8 29. Rgc1 Qd8 30. Nfd2 Bd7 31. Nc3 Bc8 32. Qd3 Bb7 33. Nxd5 exd5 34. Qb3 Rac8 35. Kg1 Qd7 36. a4 Kg7 37. Nf1 c5 38. bxc5 bxc5 39. dxc5 Rxc5 40. Rxc5 Rxc5 41. Rxc5 Bxc5 42. Ng3 Bb6 43. Ne2 Bc6 44. a5 Bxa5 45. Nd4 Ba4 46. Qa2 Bb6 47. Ne6+ Qxe6 48. Qxa4 Qd6 49. f5 d4 50. exd4 Bxd4 51. fxg6 hxg6 52. Qc6 Qf4 53. Qd7+ Kh6 54. Qh3+ Kg5 55. Qg3+ Qxg3 56. hxg3 a5 57. Bc6 Kf5 58. Kf1 g5 59. Ke2 Be5 60. Ke3 Bc7 61. Bd7+ Ke5 62. Kd3 Kd6 63. Be8 Kc5 64. Kc3 Be5+ 65. Kb3 g4 66. Bh5 Bd4 67. f3 gxf3 68. Bxf3 f5 69. Ka4 Bc3 70. Bb7 Kd4 71. Bc8 Ke5 72. Bd7 Kf6 1/2-1/2

[Event "44th Chess Olympiad Women 2022"]
[Site "Chennai"]
[Date "2022.08.06"]
[Round "8.7"]
[White "Gara, Ticia"]
[Black "Bayarmaa, Bayarjargal"]
[Result "1-0"]
[WhiteElo "2367"]
[BlackElo "2171"]
[Annotator "TA"]
[PlyCount "157"]
[EventDate "2022.07.29"]
[EventType "team-tourn"]
[EventCountry "IND"]
[SourceTitle "playchess.com"]
[Source "ChessBase"]
[SourceQuality "1"]
[WhiteTeam "Hungary"]
[BlackTeam "Mongolia"]
[WhiteTeamCountry "HUN"]
[BlackTeamCountry "MGL"]

1. Nf3 Nf6 2. g3 g6 3. b3 Bg7 4. Bb2 d6 5. d4 Nbd7 6. Bg2 c5 7. c4 a6 8. Nc3 O-O 9. O-O Rb8 10. a4 b6 11. d5 Ne4 12. Qc2 Nxc3 13. Bxc3 Qc7 14. Nd2 f5 15. Bxg7 Kxg7 16. Qc3+ Kg8 17. e4 Nf6 18. Rfe1 fxe4 19. Nxe4 Nxe4 20. Rxe4 Bf5 21. Re3 Qd8 22. Rae1 Rf7 23. Bf1 Qf8 24. f4 a5 25. h4 Rb7 26. Kh2 Qc8 27. Bd3 Bg4 28. Be2 Bf5 29. Bd3 Bg4 30. Be2 Bf5 31. Bf3 Bg4 32. Bxg4 Qxg4 33. Re4 Qf5 34. R1e2 Rc7 35. Re6 Qg4 36. Qe1 Kf8 37. Qc3 Kg8 38. Qe1 Kf8 39. R2e4 Qf3 40. Re3 Qh5 41. Qe2 Qh6 42. Kh3 Qg7 43. Rxd6 Qa1 44. Rd8+ Kg7 45. Qe1 Qf6 46. Qc3 Qxc3 47. Rxc3 Rf6 48. Re3 Rb7 49. Re4 h5 50. Kg2 Kf7 51. Kf3 Rc7 52. Rb8 Rd7 53. Re5 Kg7 54. Ke4 Kf7 55. f5 Kg7 56. fxg6 Rxg6 57. Rxh5 e6 58. Rg5 exd5+ 59. cxd5 Re7+ 60. Kf5 Rf7+ 61. Kg4 Rxg5+ 62. Kxg5 Rd7 63. Rxb6 Rxd5+ 64. Kf4 c4 65. bxc4 Rd4+ 66. Kg5 Rxc4 67. Rb7+ Kg8 68. g4 Rxa4 69. Ra7 Kh8 70. h5 Kg8 71. Kf5 Kh8 72. g5 Kg8 73. Kg6 Rf4 74. Ra8+ Rf8 75. Rxf8+ Kxf8 76. Kh7 a4 77. g6 a3 78. g7+ Ke7 79. g8=Q 1-0

[Event "44th Chess Olympiad Women 2022"]
[Site "Chennai"]
[Date "2022.08.06"]
[Round "8.7"]
[White "Enkhtuul, Altan-Ulzii"]
[Black "Hoang, Thanh Trang"]
[Result "1/2-1/2"]
[WhiteElo "2267"]
[BlackElo "2376"]
[Annotator "TA"]
[PlyCount "48"]
[EventDate "2022.07.29"]
[EventType "team-tourn"]
[EventCountry "IND"]
[SourceTitle "playchess.com"]
[Source "ChessBase"]
[SourceQuality "1"]
[WhiteTeam "Mongolia"]
[BlackTeam "Hungary"]
[WhiteTeamCountry "MGL"]
[BlackTeamCountry "HUN"]

1. d4 e6 2. c4 f5 3. a3 Nf6 4. Nc3 g6 5. Nf3 Bg7 6. Bg5 h6 7. Bxf6 Qxf6 8. e4 d6 9. Bd3 O-O 10. O-O Nc6 11. d5 Ne5 12. Nxe5 dxe5 13. c5 exd5 14. exd5 e4 15. Bc4 Kh7 16. Rc1 f4 17. Nxe4 Qxb2 18. Rb1 Qxa3 19. d6 Bf5 20. Rb3 Qa5 21. Rb5 Qa3 22. Rb3 Qa5 23. Rb5 Qa3 24. Rb3 Qa5 1/2-1/2

[Event "44th Chess Olympiad Women 2022"]
[Site "Chennai"]
[Date "2022.08.06"]
[Round "8.8"]
[White "Yip, Carissa"]
[Black "Petrova, Kristyna"]
[Result "1-0"]
[WhiteElo "2416"]
[BlackElo "2238"]
[Annotator "TA"]
[PlyCount "187"]
[EventDate "2022.07.29"]
[EventType "team-tourn"]
[EventCountry "IND"]
[SourceTitle "playchess.com"]
[Source "ChessBase"]
[SourceQuality "1"]
[WhiteTeam "United States"]
[BlackTeam "Czech Republic"]
[WhiteTeamCountry "USA"]
[BlackTeamCountry "CZE"]

1. e4 e5 2. Nf3 Nf6 3. Nxe5 d6 4. Nf3 Nxe4 5. Nc3 Nxc3 6. dxc3 Be7 7. Bf4 Nc6 8. Qd2 Be6 9. O-O-O a6 10. Nd4 Nxd4 11. cxd4 d5 12. Qe3 Bd6 13. Be5 O-O 14. Bd3 Re8 15. Rde1 f6 16. Bg3 Bg4 17. Qxe8+ Qxe8 18. Rxe8+ Rxe8 19. Bxd6 cxd6 20. Kd2 Bh5 21. c3 Kf7 22. b4 Bg6 23. Be2 Be4 24. Rg1 Ra8 25. Bd1 Bf5 26. Bb3 Be6 27. a4 b6 28. f4 Ke7 29. g4 h6 30. Re1 Kd7 31. Bd1 Bf7 32. h4 Re8 33. Be2 Ra8 34. g5 hxg5 35. Bg4+ Kd8 36. hxg5 Ra7 37. gxf6 gxf6 38. Rh1 Re7 39. Rh8+ Re8 40. Rh7 Re7 41. Bf3 Be8 42. Rh8 Kc7 43. Bxd5 Bxa4 44. Ra8 a5 45. bxa5 bxa5 46. Ra7+ Kd8 47. Rxa5 Bd7 48. Ra8+ Kc7 49. Rf8 f5 50. Bg2 Rg7 51. Bh3 Rg3 52. Bxf5 Bxf5 53. Rxf5 Rf3 54. Rf7+ Kd8 55. d5 Ke8 56. Rf6 Kd7 57. Kc2 Kc7 58. Kb3 Rf2 59. Kc4 Rf1 60. Kd4 Rf3 61. Rf7+ Kd8 62. Rf6 Kd7 63. Kc4 Kc7 64. Kd4 Kd7 65. c4 Rf1 66. Ke4 Rc1 67. Rf7+ Ke8 68. Rc7 Kd8 69. Rc6 Ke7 70. Kf5 Rc2 71. Rc7+ Kd8 72. Rf7 Rxc4 73. Ke6 Ke8 74. Rf5 Ra4 75. Rf6 Ra7 76. Rh6 Kf8 77. Rh8+ Kg7 78. Rh1 Ra4 79. Rg1+ Kf8 80. f5 Re4+ 81. Kxd6 Kf7 82. Rg6 Rf4 83. Ke5 Rf1 84. d6 Re1+ 85. Kd5 Rd1+ 86. Kc6 Rc1+ 87. Kd7 Rf1 88. Rg5 Rf2 89. Rh5 Rf1 90. Kd8 Rd1 91. d7 Rc1 92. Rh6 Rc5 93. Rb6 Rc1 94. Rb7 1-0

[Event "44th Chess Olympiad Women 2022"]
[Site "Chennai"]
[Date "2022.08.06"]
[Round "8.8"]
[White "Koubova, Anna Marie"]
[Black "Zatonskih, Anna"]
[Result "1-0"]
[WhiteElo "2115"]
[BlackElo "2383"]
[Annotator "TA"]
[PlyCount "131"]
[EventDate "2022.07.29"]
[EventType "team-tourn"]
[EventCountry "IND"]
[SourceTitle "playchess.com"]
[Source "ChessBase"]
[SourceQuality "1"]
[WhiteTeam "Czech Republic"]
[BlackTeam "United States"]
[WhiteTeamCountry "CZE"]
[BlackTeamCountry "USA"]

1. Nf3 d5 2. c4 e6 3. e3 Nf6 4. Nc3 a6 5. b3 c5 6. cxd5 exd5 7. d4 Nc6 8. Bb2 Bg4 9. Be2 cxd4 10. Nxd4 Bxe2 11. Ndxe2 Bd6 12. Nd4 Rc8 13. Nf5 O-O 14. Nxd6 Qxd6 15. O-O Rfd8 16. Ne2 Ng4 17. Ng3 Qg6 18. Rc1 h5 19. Qf3 Re8 20. Qxd5 h4 21. Nf5 Re5 22. Rxc6 bxc6 23. Qxe5 Nxe5 24. Ne7+ Kf8 25. Nxg6+ Nxg6 26. Rd1 c5 27. Ba3 Ke8 28. Rc1 Rd8 29. Bxc5 Rd2 30. a4 Ne5 31. Bd4 Nd3 32. Rf1 f6 33. h3 Kd7 34. Bc3 Rc2 35. Bd4 Ke6 36. f3 g5 37. Kh2 Re2 38. Kg1 Rd2 39. Kh1 Rc2 40. Kh2 Re2 41. Kg1 Rc2 42. Rd1 Nc1 43. b4 Ne2+ 44. Kh2 Rc4 45. Rb1 Nxd4 46. exd4 Kd7 47. d5 Rd4 48. Rb2 Rxd5 49. b5 a5 50. g3 Kc7 51. gxh4 gxh4 52. Rc2+ Kb7 53. Rc4 Rd2+ 54. Kg1 Rb2 55. Kf1 Rb1+ 56. Ke2 Rb2+ 57. Ke3 Rb3+ 58. Kf4 Kb6 59. Kg4 Rb4 60. Re4 Kc5 61. Kf5 Rb3 62. Rf4 Rb4 63. Rxb4 axb4 64. Ke4 Kc4 65. b6 b3 66. b7 1-0

[Event "44th Chess Olympiad Women 2022"]
[Site "Chennai"]
[Date "2022.08.06"]
[Round "8.9"]
[White "Vo, Thi Kim Phung"]
[Black "Paehtz, Elisabeth"]
[Result "1/2-1/2"]
[WhiteElo "2333"]
[BlackElo "2484"]
[Annotator "TA"]
[PlyCount "159"]
[EventDate "2022.07.29"]
[EventType "team-tourn"]
[EventCountry "IND"]
[SourceTitle "playchess.com"]
[Source "ChessBase"]
[SourceQuality "1"]
[WhiteTeam "Vietnam"]
[BlackTeam "Germany"]
[WhiteTeamCountry "VIE"]
[BlackTeamCountry "GER"]

1. d4 Nf6 2. c4 e6 3. Nc3 Bb4 4. Qc2 O-O 5. Nf3 c5 6. dxc5 Na6 7. Bd2 Nxc5 8. e3 b6 9. a3 Bxc3 10. Bxc3 Nce4 11. Bd4 Bb7 12. Bd3 Rc8 13. O-O d6 14. b4 e5 15. Bb2 b5 16. Qe2 bxc4 17. Bxc4 Qb6 18. Rac1 Rc7 19. Nd2 Rfc8 20. Nxe4 Nxe4 21. Qd3 Rxc4 22. Rxc4 Rxc4 23. Qxc4 Nd2 24. Qc2 Nxf1 25. Kxf1 Qb5+ 26. Kg1 Qc6 27. Qxc6 Bxc6 28. f3 Kf8 29. Kf2 Ke7 30. e4 Ke6 31. Ke3 f5 32. g3 g5 33. g4 f4+ 34. Ke2 Bb5+ 35. Kf2 Kd7 36. Bc3 Kc6 37. Be1 a6 38. h3 Ba4 39. b5+ Bxb5 40. Ba5 Kd7 41. Bc3 Ke6 42. Ba5 h6 43. Bd8 Bd3 44. Ba5 Bc4 45. Bb4 Bd3 46. Ba5 Bc2 47. Bb4 Ba4 48. Ba5 Be8 49. Bd8 Kf7 50. h4 gxh4 51. Bxh4 Ke6 52. Bd8 h5 53. gxh5 Bxh5 54. Ba5 d5 55. exd5+ Kxd5 56. Bc7 Be8 57. Bb8 Ba4 58. Bc7 Bd1 59. Ba5 e4 60. fxe4+ Kxe4 61. Bb4 f3 62. Bf8 Be2 63. Be7 Kd5 64. Bf8 Kc4 65. Be7 a5 66. Bf8 Kb3 67. Be7 a4 68. Bf8 Kc4 69. Be7 Kd5 70. Bf8 Ke6 71. Bb4 Kf5 72. Bf8 Kg6 73. Bb4 Kh5 74. Bf8 Kg4 75. Bb4 Bd1 76. Bc5 Kf5 77. Bb4 Ke4 78. Bf8 Kd3 79. Be7 Be2 80. Bf8 1/2-1/2

[Event "44th Chess Olympiad Women 2022"]
[Site "Chennai"]
[Date "2022.08.06"]
[Round "8.10"]
[White "Vega Gutierrez, Sabrina"]
[Black "Brunello, Marina"]
[Result "1-0"]
[WhiteElo "2366"]
[BlackElo "2341"]
[Annotator "TA"]
[PlyCount "87"]
[EventDate "2022.07.29"]
[EventType "team-tourn"]
[EventCountry "IND"]
[SourceTitle "playchess.com"]
[Source "ChessBase"]
[SourceQuality "1"]
[WhiteTeam "Spain"]
[BlackTeam "Italy"]
[WhiteTeamCountry "ESP"]
[BlackTeamCountry "ITA"]

1. e4 c5 2. Nf3 d6 3. d4 cxd4 4. Nxd4 Nf6 5. Nc3 a6 6. Bd3 e5 7. Nde2 Be7 8. O-O O-O 9. Ng3 Be6 10. Nd5 Bxd5 11. exd5 g6 12. c4 Nbd7 13. Bh6 Re8 14. Re1 a5 15. b3 Nc5 16. Bf1 Qc8 17. h3 Bf8 18. Bg5 Bg7 19. Rc1 h6 20. Be3 Nfd7 21. Ne2 f5 22. Nc3 Qd8 23. a3 Na6 24. Rb1 Qf6 25. b4 axb4 26. axb4 Rac8 27. Na4 e4 28. Nb6 Nxb6 29. Bxb6 Nb8 30. c5 Nd7 31. Bb5 Nxb6 32. Bxe8 dxc5 33. bxc5 Nc4 34. Bd7 Rxc5 35. Be6+ Kh7 36. Rxb7 Nb2 37. Qa1 Rc2 38. Rc1 Rxc1+ 39. Qxc1 Qd4 40. Qc8 h5 41. Bg8+ Kh8 42. Bf7+ Kh7 43. Qe6 Qf6 44. Rxb2 1-0

[Event "44th Chess Olympiad Women 2022"]
[Site "Chennai"]
[Date "2022.08.06"]
[Round "8.11"]
[White "Roebers, Eline"]
[Black "Cori T., Deysi"]
[Result "1-0"]
[WhiteElo "2344"]
[BlackElo "2371"]
[Annotator "TA"]
[PlyCount "115"]
[EventDate "2022.07.29"]
[EventType "team-tourn"]
[EventCountry "IND"]
[SourceTitle "playchess.com"]
[Source "ChessBase"]
[SourceQuality "1"]
[WhiteTeam "Netherlands"]
[BlackTeam "Peru"]
[WhiteTeamCountry "NED"]
[BlackTeamCountry "PER"]

1. e4 c6 2. d4 d5 3. e5 Bf5 4. g4 Bd7 5. Nc3 e6 6. Be3 Ne7 7. Be2 h5 8. gxh5 Nf5 9. Qd2 c5 10. Nf3 Nc6 11. dxc5 a6 12. O-O-O Nxe3 13. Qxe3 Rxh5 14. Rhg1 g6 15. Kb1 Bh6 16. Qd3 Qe7 17. Rde1 O-O-O 18. Na4 Nxe5 19. Nxe5 Rxe5 20. Qg3 Qg5 21. Qc3 Qf4 22. Rg4 d4 23. Nb6+ Kb8 24. Qxd4 Qxd4 25. Rxd4 Kc7 26. Rxd7+ Rxd7 27. Nxd7 Rf5 28. Bd3 Rxf2 29. Ne5 Bg7 30. Ng4 Rf4 31. Ne5 Rf2 32. h3 Kd8 33. a4 Ke7 34. c6 bxc6 35. Bxa6 Kd6 36. Nd3 Rh2 37. a5 Rxh3 38. Bc4 Rh4 39. b3 Rh5 40. a6 Bc3 41. Rd1 Kc7 42. Nb2 Ra5 43. Rh1 Kd6 44. Rh3 Be1 45. Rf3 Ke7 46. Na4 g5 47. Kb2 g4 48. Rf1 Bd2 49. Ra1 f5 50. c3 g3 51. b4 Rxa4 52. Rxa4 Bc1+ 53. Kc2 g2 54. a7 g1=Q 55. a8=Q Be3 56. Ra1 Qg2+ 57. Kb3 f4 58. Rd1 1-0

[Event "44th Chess Olympiad Women 2022"]
[Site "Chennai"]
[Date "2022.08.06"]
[Round "8.11"]
[White "Chumpitaz, Ann"]
[Black "Peng, Zhaoqin"]
[Result "0-1"]
[WhiteElo "2278"]
[BlackElo "2349"]
[Annotator "TA"]
[PlyCount "79"]
[EventDate "2022.07.29"]
[EventType "team-tourn"]
[EventCountry "IND"]
[SourceTitle "playchess.com"]
[Source "ChessBase"]
[SourceQuality "1"]
[WhiteTeam "Peru"]
[BlackTeam "Netherlands"]
[WhiteTeamCountry "PER"]
[BlackTeamCountry "NED"]

1. e4 e6 2. d4 d5 3. e5 c5 4. c3 Nc6 5. a3 Nge7 6. b4 cxd4 7. cxd4 Nf5 8. Nf3 Bd7 9. Bb2 b5 10. Bxb5 Nxe5 11. Nxe5 Bxb5 12. Nc3 Bd7 13. Na4 Bd6 14. Nc5 Bxe5 15. dxe5 O-O 16. O-O a5 17. bxa5 Bb5 18. Re1 Qc7 19. Rc1 Bc4 20. Nd7 Qxd7 21. Rxc4 Rxa5 22. Rb4 Rc8 23. Qb3 h5 24. Rb7 Qa4 25. Qf3 Rb5 26. Rxb5 Qxb5 27. Qe2 Qb3 28. Bc1 Nd4 29. Qd2 Qc4 30. Bb2 Nb3 31. Qe2 Qxe2 32. Rxe2 d4 33. g4 d3 34. Re1 d2 35. Rd1 Rc2 36. Kf1 hxg4 37. Ke2 Rxb2 38. a4 Ra2 39. Rb1 Nd4+ 40. Ke3 0-1

[Event "44th Chess Olympiad Women 2022"]
[Site "Chennai"]
[Date "2022.08.06"]
[Round "8.12"]
[White "Aulia, Medina Warda"]
[Black "Blagojevic, Tijana"]
[Result "1-0"]
[WhiteElo "2374"]
[BlackElo "2330"]
[Annotator "TA"]
[PlyCount "97"]
[EventDate "2022.07.29"]
[EventType "team-tourn"]
[EventCountry "IND"]
[SourceTitle "playchess.com"]
[Source "ChessBase"]
[SourceQuality "1"]
[WhiteTeam "Indonesia"]
[BlackTeam "Serbia"]
[WhiteTeamCountry "INA"]
[BlackTeamCountry "SRB"]

1. e4 e5 2. Nf3 Nc6 3. Bb5 Nf6 4. d3 Bc5 5. O-O Nd4 6. Nxd4 Bxd4 7. c3 Bb6 8. Na3 c6 9. Ba4 d6 10. Bb3 Qe7 11. Nc4 Bc7 12. a4 Be6 13. a5 O-O 14. Bg5 h6 15. Bh4 d5 16. exd5 cxd5 17. Ne3 d4 18. Nc4 dxc3 19. bxc3 g5 20. Bg3 Nd5 21. Nxe5 Nxc3 22. Qe1 Ne2+ 23. Qxe2 Bxb3 24. Qb2 Qe6 25. Rfe1 Bd5 26. h3 Qf6 27. Qb4 Bxe5 28. Bxe5 Qg6 29. Re3 Rfe8 30. Rae1 Re6 31. Bb2 Rxe3 32. Rxe3 Kh7 33. Qd4 Be6 34. h4 gxh4 35. Qxh4 Rg8 36. Rg3 Bg4 37. f3 Qxd3 38. Qf6 Qf5 39. Rxg4 Qxf6 40. Bxf6 Rxg4 41. fxg4 Kg6 42. Bd8 b5 43. axb6 axb6 44. Bxb6 Kg5 45. Be3+ Kxg4 46. Bxh6 Kg3 47. Bf8 f5 48. Bd6+ f4 49. Kf1 1-0

[Event "44th Chess Olympiad Women 2022"]
[Site "Chennai"]
[Date "2022.08.06"]
[Round "8.12"]
[White "Injac, Teodora"]
[Black "Sukandar, Irine Kharisma"]
[Result "0-1"]
[WhiteElo "2372"]
[BlackElo "2373"]
[Annotator "TA"]
[PlyCount "84"]
[EventDate "2022.07.29"]
[EventType "team-tourn"]
[EventCountry "IND"]
[SourceTitle "playchess.com"]
[Source "ChessBase"]
[SourceQuality "1"]
[WhiteTeam "Serbia"]
[BlackTeam "Indonesia"]
[WhiteTeamCountry "SRB"]
[BlackTeamCountry "INA"]

1. d4 Nf6 2. c4 e6 3. Nc3 d5 4. cxd5 exd5 5. Bg5 c6 6. e3 Be7 7. Bd3 Nbd7 8. Nf3 Ne4 9. Bf4 f5 10. Ne5 O-O 11. O-O Bf6 12. Qc2 Qe7 13. f3 Nd6 14. Nxd7 Bxd7 15. Rae1 Rae8 16. Kh1 Bc8 17. a4 a6 18. h3 g6 19. Re2 Qd7 20. g4 Bg7 21. Ree1 b5 22. Qh2 Nc4 23. b3 Na5 24. axb5 axb5 25. gxf5 Nxb3 26. fxg6 Qxh3 27. gxh7+ Kh8 28. Qxh3 Bxh3 29. Rg1 Bf5 30. Bxf5 Rxf5 31. Re2 b4 32. Reg2 Rh5+ 33. Bh2 bxc3 34. Rxg7 Rxh7 35. R7g6 Nd2 36. Rxc6 Nxf3 37. Rg2 Ra8 38. Re2 Ra1+ 39. Kg2 Rxh2+ 40. Kxf3 Rf1+ 41. Kg3 Rxe2 42. Rxc3 Kg7 0-1